000
00322nam a22001337a 4500
999
_c
9239
_d
9239
003
OSt
008
201119b ||||| |||| 00| 0 eng d
100
_a
Prasad, Jai Shankar
245
_a
Dhruvsawamini
260
_a
New Delhi
_b
Lok Bharti Prakashan
_c
2017
300
_a
51
650
_a
B.A Hons. English
942
_2
ddc
_c
BK
_0
7